000 00561nam a2200121Ia 4500
008 220620s9999||||xx |||||||||||||| ||und||
245 0 _aManuscripts of the Latin Classics 800-1200
546 _aEnglish[eng]
650 _aHistory||Reading||Literature||Education||Antiquity||Carolingians||Medieval
700 _aKwakkel, Erik
856 _uhttps://library.oapen.org/bitstream/20.500.12657/25890/1/1004193.pdf||https://library.oapen.org/bitstream/20.500.12657/25890/1/1004193.pdf||https://library.oapen.org/bitstream/20.500.12657/25890/1/1004193.pdf
942 _cEB
999 _c32407
_d32407